Sleep Token - Chokehold (All lyrics) - Statistics

General Stats
  • This quiz has been taken 150 times
  • The average score is 118 of 160
Answer Stats
Lyrics % Correct
a
100%
A
100%
a-
100%
I
98%
in
98%
chokehold
97%
me
97%
you
97%
got
95%
It
92%
it
92%
we
90%
We
90%
no
89%
made
85%
were
85%
When
85%
You've
85%
accident
84%
was
84%
tangled
81%
branches
79%
like
79%
up
79%
flood
76%
and
73%
the
73%
So
71%
my
69%
sacred
68%
blood
65%
can't
65%
guardian
65%
to
65%
To
65%
if
63%
be
61%
Even
61%
hurts
60%
see
60%
keep
58%
show
58%
Show
58%
mountain
56%
blade
55%
come
55%
difference
55%
It's
55%
makes
55%
sharp
55%
as
53%
peaks
53%
seas
53%
stormy
53%
way
53%
worth
53%
again
52%
all
52%
same
52%
sleep
52%
test
52%
that
52%
Beneath
50%
Above
48%
bring
48%
cannot
48%
home
48%
turn
47%
which
47%
Oh,
45%
unfold
45%
gold
44%
I've
44%
awake
42%
constantly
42%
days
42%
impossible
42%
out
42%
walls
42%
duty
40%
holy
40%
of
39%
seen
37%
act
35%
Done
34%
I'd
31%
our
29%
though
27%
No matching quizzes found
Score Distribution
Percent of People with Each Score
Percentile by Number Answered
Your Score History
You have not taken this quiz